00341 a2200109 450000100060000008200120000610000510001824501050006926000260017430000090020050000220020992354 aPR 2561 aAwais Tufail , Prof Rao Sohail Ahmed (Advisor) aDesign and Stress Analysis of engine installation and transportation dolly of RD-93 Enginen79"A" EC aIslamabadbNUSTc2015 a68p. aBE Project Report